000 00334nam a2200133Ia 4500
005 20251222144820.0
008 251222s9999||||xx |||||||||||||| ||spa||
020 _a4569-5-311-9
082 _a658.409.2/M28
100 _aMatsushita, Konosuke
245 0 _aPuño de Hierro, Guante de Seda:
264 _bPHP Institutte
942 _cLIB
999 _c20463
_d20463